[Event "RUS-ch U21 2019"]
[Site "Loo"]
[Date "2019.04.21"]
[Round "2.4"]
[White "Drygalov, Andrey"]
[Black "Ofitserian, Boris"]
[Result "1-0"]
[WhiteElo "2481"]
[BlackElo "2409"]
[Annotator "ChessBase"]
[PlyCount "107"]
[EventDate "2019.04.20"]
[EventType "tourn"]
[EventCountry "RUS"]
[SourceTitle "playchess.com"]
[Source "ChessBase"]
[SourceQuality "1"]
[TimeControl "40/5400+30:1800+30"]

1. e4 {[%emt 0:00:00]} c5 {[%emt 0:00:00]} 2. Nf3 {[%emt 0:00:00]} d6 {[%emt 0:00:00]} 3. d4 {[%emt 0:00:00]} cxd4 {[%emt 0:00:00]} 4. Nxd4 {[%emt 0:00:00]} Nf6 {[%emt 0:00:02]} 5. Nc3 {[%emt 0:00:00]} a6 {[%emt 0:00:04]} 6. Be3 {[%emt 0:00:01]} e5 {[%emt 0:04:19]} 7. Nb3 {[%emt 0:00:06]} Be6 {[%emt 0:02:49]} 8. f3 {[%emt 0:00:07]} Be7 {[%emt 0:22:21]} 9. Qd2 {[%emt 0:00:06]} O-O {[%emt 0:00:05]} 10. O-O-O {[%emt 0:00:15]} a5 {[%emt 0:00:03]} 11. a4 {[%emt 0:00:05]} Nc6 {[%emt 0:00:03]} 12. g4 {[%emt 0:00:05]} Nb4 {[%emt 0:00:11]} 13. Kb1 {[%emt 0:00:18]} Rc8 {[%emt 0:06:43]} 14. g5 {[%emt 0:00:05]} Nh5 {[%emt 0:00:16]} 15. Rg1 {[%emt 0:00:05]} g6 {[%emt 0:13:32]} 16. Bb5 {[%emt 0:03:01]} f5 {[%emt 0:06:57]} 17. gxf6 {[%emt 0:05:21]} Nxf6 {[%emt 0:07:18]} 18. Bg5 {[%emt 0:36:49]} Qc7 {[%emt 0:12:13]} 19. Rg2 {[%emt 0:17:43]} Rfd8 {[%emt 0:06:02]} 20. Bxf6 {[%emt 0:07:43]} Bxf6 {[%emt 0:00:04]} 21. Nd5 {[%emt 0:00:55]} Nxd5 {[%emt 0:06:31]} 22. exd5 {[%emt 0:00:06]} Bh3 {[%emt 0:00:55]} 23. Rg3 {[%emt 0:01:03]} Bf5 {[%emt 0:03:04]} 24. Bd3 {[%emt 0:00:44]} Bxd3 {[%emt 0:05:59]} 25. Qxd3 {[%emt 0:00:10]} e4 {[%emt 0:02:13]} 26. Qxe4 {[%emt 0:13:29]} Re8 {[%emt 0:00:16]} 27. Qd3 {[%emt 0:00:05]} Re3 {[%emt 0:00:57]} 28. Qd2 {[%emt 0:00:05]} Rce8 {[%emt 0:00:31]} 29. Qxa5 {[%emt 0:05:54]} Qg7 {[%emt 0:00:17]} 30. c3 {[%emt 0:01:12]} Qd7 {[%emt 0:00:12]} 31. Ka2 {[%emt 0:05:02]} Be5 {[%emt 0:00:22]} 32. Rg2 {[%emt 0:01:39]} Rxf3 {[%emt 0:00:25]} 33. Qb5 {[%emt 0:00:11]} Qf7 {[%emt 0:00:23]} 34. Nd4 {[%emt 0:02:23]} Bxd4 {[%emt 0:00:01]} 35. Rxd4 {[%emt 0:00:07]} Rfe3 {[%emt 0:00:58]} 36. Rgd2 {[%emt 0:00:58]} Re1 {[%emt 0:00:59]} 37. Qb6 {[%emt 0:00:31]} Qd7 {[%emt 0:00:35]} 38. Rb4 {[%emt 0:01:38]} Ra8 {[%emt 0:00:30]} 39. Rdd4 {[%emt 0:00:39]} Re7 {[%emt 0:00:35]} 40. Rdc4 {[%emt 0:00:00]} Ra6 {[%emt 0:00:00]} 41. Qb5 {[%emt 0:00:50]} Qf5 {[%emt 0:05:25]} 42. Rd4 {[%emt 0:15:35]} Ra8 {[%emt 0:11:54]} 43. h4 {[%emt 0:02:05]} Rf8 {[%emt 0:03:59]} 44. Qd3 {[%emt 0:01:50]} Qf2 {[%emt 0:02:35]} 45. Re4 {[%emt 0:00:45]} Ref7 {[%emt 0:00:12]} 46. Qe2 {[%emt 0:01:32]} Qc5 {[%emt 0:06:02]} 47. Rb5 {[%emt 0:00:36]} Qc7 {[%emt 0:00:15]} 48. Re8 {[%emt 0:03:14]} Rxe8 {[%emt 0:00:24]} 49. Qxe8+ {[%emt 0:00:05]} Kg7 {[%emt 0:00:03]} 50. Qe4 {[%emt 0:00:14]} Rf5 {[%emt 0:00:22]} 51. Qb4 {[%emt 0:00:44]} Kh6 {[%emt 0:03:46]} 52. Rxb7 {[%emt 0:00:25]} Qd8 {[%emt 0:00:01]} 53. Qd4 {[%emt 0:00:25]} Qg8 {[%emt 0:00:53]} 54. c4 {[%emt 0:00:38]} 1-0

[Event "RUS-ch U21 2019"]
[Site "Loo"]
[Date "2019.04.21"]
[Round "2.5"]
[White "Pogosyan, Stefan"]
[Black "Gaifullin, Artur"]
[Result "0-1"]
[WhiteElo "2344"]
[BlackElo "2453"]
[Annotator "ChessBase"]
[PlyCount "92"]
[EventDate "2019.04.20"]
[EventType "tourn"]
[EventCountry "RUS"]
[SourceTitle "playchess.com"]
[Source "ChessBase"]
[SourceQuality "1"]
[TimeControl "40/5400+30:1800+30"]

1. d4 {[%emt 0:00:00]} Nf6 {[%emt 0:00:00]} 2. c4 {[%emt 0:00:00]} e6 {[%emt 0:00:00]} 3. Nf3 {[%emt 0:00:00]} d5 {[%emt 0:00:00]} 4. Nc3 {[%emt 0:00:00]} dxc4 {[%emt 0:00:00]} 5. e4 {[%emt 0:01:01]} Bb4 {[%emt 0:00:03]} 6. Bg5 {[%emt 0:00:10]} c5 {[%emt 0:00:09]} 7. Bxc4 {[%emt 0:00:22]} cxd4 {[%emt 0:00:05]} 8. Nxd4 {[%emt 0:00:05]} Bxc3+ {[%emt 0:00:06]} 9. bxc3 {[%emt 0:00:11]} Qa5 {[%emt 0:00:04]} 10. Bb5+ {[%emt 0:11:05]} Nbd7 {[%emt 0:00:16]} 11. Bxf6 {[%emt 0:03:46]} Qxc3+ {[%emt 0:00:02]} 12. Kf1 {[%emt 0:00:14]} gxf6 {[%emt 0:00:03]} 13. Rc1 {[%emt 0:00:10]} Qb4 {[%emt 0:00:53]} 14. h4 {[%emt 0:05:01]} a6 {[%emt 0:00:45]} 15. Rc4 {[%emt 0:13:54]} Qd6 {[%emt 0:00:45]} 16. Qc2 {[%emt 0:09:54]} O-O {[%emt 0:09:51]} 17. Bxd7 {[%emt 0:02:17]} Bxd7 {[%emt 0:00:03]} 18. Rh3 {[%emt 0:00:51]} b5 {[%emt 0:00:25]} 19. Rcc3 {[%emt 0:01:38]} e5 {[%emt 0:18:51]} 20. Nf5 {[%emt 0:13:53]} Bxf5 {[%emt 0:00:06]} 21. exf5 {[%emt 0:00:05]} Rfd8 {[%emt 0:00:04]} 22. h5 {[%emt 0:08:47]} Qd1+ {[%emt 0:04:14]} 23. Qxd1 {[%emt 0:00:15]} Rxd1+ 24. Ke2 Rad8 {[%emt 0:00:04]} 25. h6 {[%emt 0:05:03]} R1d2+ {[%emt 0:01:02]} 26. Ke3 {[%emt 0:03:33]} Kf8 {[%emt 0:02:12]} 27. Rg3 {[%emt 0:03:59]} b4 {[%emt 0:00:15]} 28. Rc6 {[%emt 0:03:48]} R8d3+ {[%emt 0:03:22]} 29. Ke4 {[%emt 0:00:01]} Rxg3 {[%emt 0:00:08]} 30. fxg3 {[%emt 0:00:08]} Rxa2 {[%emt 0:00:02]} 31. Rxf6 {[%emt 0:00:19]} Ra5 {[%emt 0:07:23]} 32. Kd3 {[%emt 0:09:03]} b3 {[%emt 0:00:56]} 33. Kc3 {[%emt 0:00:15]} Rb5 {[%emt 0:00:07]} 34. Kb2 {[%emt 0:00:04]} a5 {[%emt 0:00:03]} 35. g4 {[%emt 0:03:07]} e4 {[%emt 0:02:05]} 36. g5 {[%emt 0:00:47]} Ke7 {[%emt 0:00:12]} 37. g4 {[%emt 0:01:07]} e3 {[%emt 0:31:13]} 38. Rc6 {[%emt 0:00:16]} a4 {[%emt 0:00:15]} 39. Rc1 {[%emt 0:00:24]} a3+ {[%emt 0:00:15]} 40. Kxa3 {[%emt 0:00:00]} b2 {[%emt 0:00:00]} 41. Rb1 {[%emt 0:00:17]} Kf8 {[%emt 0:00:23]} 42. Ka2 {[%emt 0:09:50]} e2 {[%emt 0:00:07]} 43. g6 {[%emt 0:00:05]} fxg6 {[%emt 0:00:11]} 44. fxg6 {[%emt 0:00:04]} hxg6 {[%emt 0:00:13]} 45. h7 {[%emt 0:00:02]} Kg7 {[%emt 0:00:06]} 46. Rh1 {[%emt 0:00:05]} b1=Q+ {[%emt 0:00:04]} 0-1

[Event "RUS-ch U21 2019"]
[Site "Loo"]
[Date "2019.04.22"]
[Round "3.1"]
[White "Gaifullin, Artur"]
[Black "Murzin, Volodar"]
[Result "1/2-1/2"]
[WhiteElo "2453"]
[BlackElo "2407"]
[Annotator "ChessBase"]
[PlyCount "151"]
[EventDate "2019.04.20"]
[EventType "tourn"]
[EventCountry "RUS"]
[SourceTitle "playchess.com"]
[Source "ChessBase"]
[SourceQuality "1"]
[TimeControl "40/5400+30:1800+30"]

1. Nf3 {[%emt 0:00:00]} d5 {[%emt 0:00:00]} 2. d4 {[%emt 0:00:00]} Nf6 {[%emt 0:00:00]} 3. Bf4 {[%emt 0:00:02]} c5 {[%emt 0:01:11]} 4. e3 {[%emt 0:00:09]} Nc6 {[%emt 0:01:00]} 5. Nbd2 {[%emt 0:00:08]} cxd4 {[%emt 0:05:32]} 6. exd4 {[%emt 0:00:05]} Bg4 {[%emt 0:01:54]} 7. c3 {[%emt 0:00:25]} a6 {[%emt 0:03:23]} 8. h3 {[%emt 0:00:44]} Bxf3 {[%emt 0:03:32]} 9. Nxf3 {[%emt 0:05:50]} e6 {[%emt 0:00:53]} 10. Qb3 {[%emt 0:02:45]} Na5 {[%emt 0:04:34]} 11. Qc2 {[%emt 0:00:02]} Bd6 {[%emt 0:01:11]} 12. Ne5 {[%emt 0:00:04]} O-O {[%emt 0:04:35]} 13. Bd3 {[%emt 0:00:04]} h6 {[%emt 0:03:31]} 14. O-O {[%emt 0:00:43]} Rc8 {[%emt 0:00:20]} 15. Rae1 {[%emt 0:01:27]} Nc6 {[%emt 0:02:04]} 16. Qd2 {[%emt 0:00:21]} Bxe5 {[%emt 0:11:26]} 17. dxe5 {[%emt 0:00:08]} Ne4 {[%emt 0:01:00]} 18. Qe3 {[%emt 0:05:23]} Ne7 {[%emt 0:03:15]} 19. Bxe4 {[%emt 0:00:18]} dxe4 {[%emt 0:00:04]} 20. Qxe4 {[%emt 0:00:07]} Qd5 {[%emt 0:00:27]} 21. Qxd5 {[%emt 0:02:56]} Nxd5 {[%emt 0:00:02]} 22. Re4 {[%emt 0:00:11]} b5 {[%emt 0:06:13]} 23. Rd1 {[%emt 0:01:11]} Rc6 {[%emt 0:02:42]} 24. Rdd4 {[%emt 0:00:34]} Rfc8 {[%emt 0:03:07]} 25. Bd2 {[%emt 0:01:26]} Nb6 {[%emt 0:05:26]} 26. g4 {[%emt 0:02:45]} Rc4 {[%emt 0:05:48]} 27. f4 {[%emt 0:01:22]} b4 {[%emt 0:03:45]} 28. f5 {[%emt 0:12:47]} Rxd4 {[%emt 0:01:41]} 29. Rxd4 {[%emt 0:00:02]} bxc3 {[%emt 0:00:11]} 30. Bxc3 {[%emt 0:00:32]} Nd5 {[%emt 0:00:22]} 31. Be1 {[%emt 0:06:32]} Rc2 {[%emt 0:03:08]} 32. Rd2 {[%emt 0:00:09]} Rc1 {[%emt 0:00:05]} 33. Kf2 {[%emt 0:00:08]} g5 {[%emt 0:02:42]} 34. fxg6 {[%emt 0:03:19]} fxg6 {[%emt 0:00:02]} 35. h4 g5 {[%emt 0:01:17]} 36. hxg5 {[%emt 0:01:25]} hxg5 {[%emt 0:01:36]} 37. b3 {[%emt 0:00:21]} Kf7 {[%emt 0:02:14]} 38. Rb2 {[%emt 0:01:25]} Kg6 {[%emt 0:01:24]} 39. Bd2 {[%emt 0:02:58]} Rh1 {[%emt 0:04:08]} 40. Kg2 {[%emt 0:00:00]} Rd1 {[%emt 0:00:00]} 41. Rc2 {[%emt 0:03:49]} Nb6 {[%emt 0:05:51]} 42. Be3 {[%emt 0:11:21]} Nd5 {[%emt 0:00:40]} 43. Bd2 {[%emt 0:07:31]} Nb6 {[%emt 0:00:34]} 44. Ba5 {[%emt 0:02:23]} Nd5 {[%emt 0:04:15]} 45. Rc6 {[%emt 0:01:05]} Nf4+ {[%emt 0:00:56]} 46. Kf3 {[%emt 0:02:24]} Rf1+ {[%emt 0:04:11]} 47. Ke4 {[%emt 0:07:06]} Rg1 {[%emt 0:00:19]} 48. Rxa6 {[%emt 0:01:42]} Rxg4 {[%emt 0:00:06]} 49. Bd2 {[%emt 0:00:15]} Nd5+ {[%emt 0:01:30]} 50. Kf3 {[%emt 0:02:34]} Rd4 {[%emt 0:01:13]} 51. Ke2 {[%emt 0:01:22]} Kf5 {[%emt 0:00:46]} 52. Ra8 {[%emt 0:00:37]} g4 {[%emt 0:04:11]} 53. a4 {[%emt 0:00:13]} Nf4+ {[%emt 0:07:16]} 54. Bxf4 {[%emt 0:01:12]} Kxf4 {[%emt 0:00:17]} 55. a5 {[%emt 0:00:10]} Re4+ {[%emt 0:03:28]} 56. Kf1 {[%emt 0:00:41]} Rxe5 {[%emt 0:02:27]} 57. b4 {[%emt 0:03:52]} Rb5 {[%emt 0:00:59]} 58. a6 {[%emt 0:00:10]} Rxb4 {[%emt 0:00:07]} 59. Rf8+ {[%emt 0:00:05]} Kg3 {[%emt 0:00:28]} 60. a7 {[%emt 0:00:03]} Rb1+ {[%emt 0:00:07]} 61. Ke2 {[%emt 0:00:04]} Rb2+ {[%emt 0:00:11]} 62. Ke3 {[%emt 0:00:23]} Rb3+ {[%emt 0:00:08]} 63. Ke4 {[%emt 0:00:07]} Rb4+ {[%emt 0:00:03]} 64. Ke5 {[%emt 0:00:11]} Rb5+ {[%emt 0:01:23]} 65. Kxe6 {[%emt 0:00:09]} Ra5 {[%emt 0:02:57]} 66. a8=Q {[%emt 0:00:06]} Rxa8 {[%emt 0:00:02]} 67. Rxa8 {[%emt 0:00:02]} Kf4 {[%emt 0:00:11]} 68. Ra4+ {[%emt 0:15:32]} Kf3 {[%emt 0:00:12]} 69. Kf5 {[%emt 0:00:25]} g3 {[%emt 0:00:12]} 70. Ra3+ {[%emt 0:00:03]} Kf2 {[%emt 0:00:04]} 71. Kf4 {[%emt 0:00:03]} g2 {[%emt 0:00:07]} 72. Ra2+ {[%emt 0:00:06]} Kg1 {[%emt 0:00:57]} 73. Ra8 {[%emt 0:00:37]} Kf2 {[%emt 0:00:22]} 74. Ra2+ {[%emt 0:01:15]} Kg1 {[%emt 0:00:06]} 75. Kg3 {[%emt 0:00:02]} Kh1 {[%emt 0:00:06]} 76. Rxg2 {[%emt 0:00:02]} 1/2-1/2

[Event "RUS-ch U21 2019"]
[Site "Loo"]
[Date "2019.04.22"]
[Round "3.2"]
[White "Ofitserian, Boris"]
[Black "Pogosyan, Stefan"]
[Result "1-0"]
[WhiteElo "2409"]
[BlackElo "2344"]
[Annotator "TA"]
[PlyCount "61"]
[EventDate "2019.04.20"]
[EventType "tourn"]
[EventCountry "RUS"]
[SourceTitle "playchess.com"]
[Source "ChessBase"]
[SourceQuality "1"]

{[%evp 13,129,45,47,19,46,28,20,13,9,17,35,41,41,35,31,26,39,44,33,10,10,12,29,22,38,0,0,0,0,0,0,0,16,31,27,16,12,8,21,0,0,0,0,0,49,0,0,0,0,0,0,0,39,30,39,37,38,32,41,12,179,42,40,39,186,189,156,100,100,64,187,177,184,172,188,184,179,181,189,186,187,187,262,184,183,183,183,183,170,177,172,181,222,231,258,212,271,268,379,379,513,490,1084,1032,1422,752,1078,1025,1562,1495,5385,5122,29963,29939,29982,29983,29986,29987]} 1. d4 Nf6 2. Nf3 c5 3. d5 e6 4. c4 exd5 5. cxd5 d6 6. Nc3 g6 7. Bf4 Bg7 8. e3 {A61: Modern Benoni: Nf3 without early e4} O-O 9. h3 Na6 10. Bc4 {The position is equal.} Nc7 11. a4 b6 12. O-O Re8 13. Nd2 (13. Nb5 Nxb5 14. axb5 Ne4 15. Ra2 g5 {½-½ (39) Vallejo Pons,F (2698)-Lagarde,M (2604) chess.com INT 2019}) 13... a6 {[#]} 14. Re1 $146 ({Predecessor:} 14. e4 Rb8 {1-0 (36) Tregubov,P (2578)-Kozionov,K (2452) Sochi 2018}) 14... Rb8 15. e4 b5 16. axb5 axb5 {Threatens to win with ...Nh5.} 17. Bf1 h6 18. Bg3 g5 19. Ra5 {[%cal Rc3b5]} (19. Ra7 {is more complex.} Rb6 20. Rxc7 Qxc7 21. Bxb5 Bd7 22. Bf1) 19... Ncxd5 20. Rxb5 Nxc3 21. bxc3 Rxb5 22. Bxb5 Bd7 23. c4 Qb6 24. Bxd7 Nxd7 25. Qa4 Qc7 26. Rb1 Bc3 27. Nf3 Nf6 28. Rb3 Qa5 (28... Bd4 {looks sharper.} 29. Nxd4 cxd4 30. f3 Rc8 31. Rd3 Nh5) 29. Qxa5 Bxa5 30. Bxd6 Nxe4 {[#]} 31. Be5 {Played: Bd6xc5} 1-0

[Event "RUS-ch U21 2019"]
[Site "Loo"]
[Date "2019.04.22"]
[Round "3.3"]
[White "Drygalov, Sergey"]
[Black "Drygalov, Andrey"]
[Result "1/2-1/2"]
[WhiteElo "2485"]
[BlackElo "2481"]
[Annotator "TA"]
[PlyCount "55"]
[EventDate "2019.04.20"]
[EventType "tourn"]
[EventCountry "RUS"]
[SourceTitle "playchess.com"]
[Source "ChessBase"]
[SourceQuality "1"]

{[%evp 26,55,0,0,0,0,0,0,0,0,0,0,0,0,0,0,0,0,0,0,0,0,0,0,0,0,0,0,0,0,0,0]} 1. e4 c5 2. Nf3 d6 3. d4 cxd4 4. Nxd4 Nf6 5. Nc3 a6 6. Bg5 e6 7. f4 Nbd7 ({Predecessor:} 7... Qc7 8. Qf3 {½-½ (24) Daubenfeld,N (2400)-Nyvlt,Z (2459) ICCF email 2007}) 8. Qf3 Qc7 9. O-O-O b5 10. e5 Bb7 11. Qh3 dxe5 12. Nxe6 fxe6 13. Qxe6+ Be7 {[#]} 14. Bxb5 $1 {[%mdl 512] The position is equal.} axb5 {B96: Sicilian Najdorf: 6 Bg5 e6 7 f4, lines other than 7...Qb6 and 7...Be7} 15. Nxb5 {[%cal Bc3b5,Bb5d6,Bd6f7][%mdl 32]} Qb6 $146 (15... Qc6 16. Nd6+ Kd8 17. fxe5 Kc7 18. Qxe7 Rxa2 19. exf6 Ra1+ 20. Kd2 Qd5+ 21. Kc3 Qa5+ 22. Kd3 Qd5+ 23. Kc3 Qa5+ 24. Kd3 {½-½ (24) Kulaots,K (2573)-Korobov,A (2652) Tegernsee 2017}) 16. Nd6+ Kd8 {Hoping for ...Kc7.} 17. Bxf6 $1 Bxf6 18. Nf7+ {[%mdl 64] Double Attack} Kc8 19. Rd6 $1 ({But not} 19. Qxd7+ Kb8 $17) 19... Qb5 20. c4 Qa4 21. Rhd1 {[%cal Rd6d7] [#]} (21. Nxh8 $2 {[#] is the wrong capture.} Be4 $1 $19 {[%mdl 512]}) 21... Be4 $1 {[%csl Ge4][%cal Ra4c2][%mdl 512]} 22. R1d2 $1 Ra7 23. Rb6 $1 {[#] Strongly threatening Nd6+.} Qxa2 $1 {[%csl Ge4][%cal Ra2b1][%mdl 512]} 24. Nd6+ {[%mdl 64] [#] Double Attack} Kc7 $1 {[%csl Ge4][%cal Ra2b1]} 25. Nb5+ Kc8 {[%csl Ge4][%cal Ra2b1]} 26. Nd6+ {[%mdl 64] [#] Double Attack} Kc7 $1 {[%csl Ge4][%cal Ra2b1]} 27. Ne8+ Kc8 {[%csl Ge4][%cal Ra2b1]} 28. Nd6+ {[%mdl 64] Double Attack} 1/2-1/2

[Event "RUS-ch U21 2019"]
[Site "Loo"]
[Date "2019.04.22"]
[Round "3.4"]
[White "Galaktionov, Artem"]
[Black "Triapishko, Alexandr"]
[Result "0-1"]
[WhiteElo "2332"]
[BlackElo "2506"]
[Annotator "RC"]
[PlyCount "116"]
[EventDate "2019.04.20"]
[EventType "tourn"]
[EventCountry "RUS"]
[SourceTitle "playchess.com"]
[Source "ChessBase"]
[SourceQuality "1"]
[TimeControl "40/5400+30:1800+30"]

1. d4 {[%emt 0:00:00]} Nf6 {[%emt 0:00:00]} 2. Nf3 {[%emt 0:00:00]} e6 {[%emt 0:05:20]} 3. c4 {[%emt 0:00:00]} d5 {[%emt 0:01:15]} 4. Nc3 {[%emt 0:00:00]} Bb4 {[%emt 0:00:34]} 5. cxd5 {[%emt 0:00:00]} exd5 {[%emt 0:01:27]} 6. Bg5 {[%emt 0:00:08]} Bf5 {[%emt 0:17:35]} 7. Qa4+ {[%emt 0:07:25]} Nc6 {[%emt 0:01:34]} 8. Ne5 {[%emt 0:00:04]} Qd6 {[%emt 0:25:33]} 9. Bf4 {[%emt 0:21:16]} O-O {[%emt 0:20:21]} 10. e3 {[%emt 0:31:02]} Nxe5 {[%emt 0:04:49]} 11. Bxe5 {[%emt 0:00:53]} Qb6 {[%emt 0:00:53]} 12. Qb3 {[%emt 0:01:07]} Ne4 {[%emt 0:08:04]} 13. Bd3 {[%emt 0:00:56]} Nxc3 {[%emt 0:03:02]} 14. bxc3 {[%emt 0:01:56]} Bxd3 {[%emt 0:00:03]} 15. Qxb4 {[%emt 0:01:50]} Qg6 {[%emt 0:00:06]} 16. Rg1 {[%emt 0:01:41]} a5 {[%emt 0:02:14]} 17. Qb2 {[%emt 0:01:23]} a4 {[%emt 0:01:31]} 18. a3 {[%emt 0:01:17]} Ra5 {[%emt 0:01:15]} 19. f3 {[%emt 0:01:57]} Rb5 {[%emt 0:00:10]} 20. Qd2 {[%emt 0:00:06]} c6 {[%emt 0:02:35]} 21. Kf2 {[%emt 0:00:26]} Bc4 {[%emt 0:00:30]} 22. g4 {[%emt 0:01:38]} Qd3 {[%emt 0:00:34]} 23. Qxd3 {[%emt 0:04:38]} Rb2+ {[%emt 0:00:22]} 24. Kg3 {[%emt 0:00:03]} Bxd3 {[%emt 0:00:03]} 25. Rgd1 {[%emt 0:00:13]} Bc4 {[%emt 0:00:45]} 26. Bf4 {[%emt 0:05:21]} Rb3 {[%emt 0:00:29]} 27. Rdc1 {[%emt 0:00:04]} Re8 {[%emt 0:01:02]} 28. h4 {[%emt 0:00:08]} f6 {[%emt 0:01:09]} 29. Kf2 {[%emt 0:03:31]} Kf7 {[%emt 0:00:15]} 30. Rcb1 {[%emt 0:00:10]} h6 {[%emt 0:00:51]} 31. h5 {[%emt 0:00:17]} Bd3 {[%emt 0:00:23]} 32. Rc1 {[%emt 0:00:04]} b6 {[%emt 0:00:37]} 33. Ra2 {[%emt 0:00:28]} c5 {[%emt 0:00:31]} 34. Ke1 {[%emt 0:05:53]} cxd4 {[%emt 0:00:25]} 35. cxd4 {[%emt 0:00:02]} Bc4 {[%emt 0:00:07]} 36. Kf2 {[%emt 0:00:20]} b5 {[%emt 0:00:22]} 37. Raa1 {[%emt 0:00:04]} Re6 {[%emt 0:00:44]} 38. Re1 {[%emt 0:00:39]} b4 {[%emt 0:00:53]} 39. e4 {[%emt 0:06:41]} bxa3 {[%emt 0:00:33]} 40. Bc1 {[%emt 0:00:00]} a2 {[%emt 0:00:00]} 41. Rxa2 {[%emt 0:02:10]} Rxf3+ {[%emt 0:11:12]} 42. Kxf3 {[%emt 0:00:23]} Bxa2 {[%emt 0:00:35]} 43. e5 {[%emt 0:10:22]} Rb6 {[%emt 0:17:07]} 44. Re3 {[%emt 0:05:19]} fxe5 {[%emt 0:01:58]} 45. Rxe5 {[%emt 0:00:55]} Bc4 {[%emt 0:00:51]} 46. Ba3 {[%emt 0:01:13]} Rb3+ {[%emt 0:01:07]} 47. Re3 {[%emt 0:00:01]} Bd3 {[%emt 0:00:13]} 48. Bd6 {[%emt 0:01:39]} a3 {[%emt 0:00:39]} 49. Re7+ {[%emt 0:00:27]} Kg8 {[%emt 0:01:12]} 50. Ra7 {[%emt 0:00:55]} a2 {[%emt 0:00:11]} 51. Kf4 {[%emt 0:02:33]} Rb6 {[%emt 0:00:08]} 52. Rxa2 {[%emt 0:02:37]} Rxd6 {[%emt 0:00:04]} 53. g5 {[%emt 0:01:23]} hxg5+ {[%emt 0:00:13]} 54. Kxg5 {[%emt 0:00:02]} Rf6 {[%emt 0:00:15]} 55. Ra8+ {[%emt 0:00:05]} Kh7 {[%emt 0:00:09]} 56. Ra7 {[%emt 0:00:01]} Rf5+ {[%emt 0:00:29]} 57. Kg4 {[%emt 0:00:08]} Kh6 {[%emt 0:00:36]} 58. Ra8 {[%emt 0:00:11]} Rg5+ {[%emt 0:00:12]} 0-1

[Event "RUS-ch U21 2019"]
[Site "Loo"]
[Date "2019.04.22"]
[Round "3.5"]
[White "Khanin, Semen"]
[Black "Yeletsky, Ivan"]
[Result "1-0"]
[WhiteElo "2524"]
[BlackElo "2409"]
[Annotator "ChessBase"]
[PlyCount "133"]
[EventDate "2019.04.20"]
[EventType "tourn"]
[EventCountry "RUS"]
[SourceTitle "playchess.com"]
[Source "ChessBase"]
[SourceQuality "1"]
[TimeControl "40/5400+30:1800+30"]

1. e4 {[%emt 0:00:00]} c5 {[%emt 0:00:00]} 2. Nf3 {[%emt 0:00:00]} d6 {[%emt 0:00:00]} 3. d4 {[%emt 0:00:00]} cxd4 {[%emt 0:00:00]} 4. Nxd4 {[%emt 0:00:00]} Nf6 {[%emt 0:00:04]} 5. Nc3 {[%emt 0:00:00]} a6 {[%emt 0:00:09]} 6. f3 {[%emt 0:00:00]} e5 {[%emt 0:00:09]} 7. Nb3 {[%emt 0:00:00]} Be6 {[%emt 0:00:06]} 8. Be3 {[%emt 0:00:08]} Be7 {[%emt 0:00:09]} 9. Qd2 {[%emt 0:00:15]} O-O {[%emt 0:00:11]} 10. O-O-O {[%emt 0:00:12]} Nbd7 {[%emt 0:00:10]} 11. g4 {[%emt 0:00:06]} b5 {[%emt 0:00:06]} 12. g5 {[%emt 0:00:05]} Nh5 {[%emt 0:00:07]} 13. Kb1 {[%emt 0:00:06]} Nb6 {[%emt 0:00:55]} 14. Na5 {[%emt 0:00:05]} Rc8 {[%emt 0:00:07]} 15. Nd5 {[%emt 0:00:15]} Nxd5 {[%emt 0:00:37]} 16. exd5 {[%emt 0:00:06]} Bxd5 {[%emt 0:00:38]} 17. Qxd5 {[%emt 0:00:04]} Qxa5 {[%emt 0:00:09]} 18. c4 {[%emt 0:00:10]} Nf4 {[%emt 0:07:56]} 19. Bxf4 {[%emt 0:00:09]} exf4 {[%emt 0:00:08]} 20. h4 {[%emt 0:00:06]} Qc7 {[%emt 0:19:27]} 21. Rc1 {[%emt 0:29:25]} Qa7 {[%emt 0:11:59]} 22. Bd3 {[%emt 0:09:24]} bxc4 {[%emt 0:06:59]} 23. Rxc4 {[%emt 0:00:41]} Rxc4 {[%emt 0:15:17]} 24. Bxc4 {[%emt 0:00:18]} Qa8 {[%emt 0:01:10]} 25. Qd3 {[%emt 0:14:36]} a5 {[%emt 0:03:14]} 26. g6 {[%emt 0:05:32]} hxg6 {[%emt 0:21:29]} 27. h5 {[%emt 0:01:02]} d5 {[%emt 0:00:11]} 28. Bxd5 {[%emt 0:01:01]} Rd8 {[%emt 0:00:12]} 29. Rd1 {[%emt 0:04:41]} Qxd5 {[%emt 0:00:31]} 30. Qxd5 {[%emt 0:00:05]} Rxd5 {[%emt 0:00:05]} 31. Rxd5 {[%emt 0:00:03]} gxh5 {[%emt 0:00:07]} 32. Rxh5 {[%emt 0:02:08]} g5 {[%emt 0:00:11]} 33. Kc2 {[%emt 0:00:23]} Kg7 {[%emt 0:02:04]} 34. Kd3 {[%emt 0:00:53]} f5 {[%emt 0:02:16]} 35. Ke2 {[%emt 0:02:10]} Bf6 {[%emt 0:02:59]} 36. b3 {[%emt 0:00:10]} Kg6 {[%emt 0:00:09]} 37. Rh1 {[%emt 0:00:04]} g4 {[%emt 0:01:30]} 38. Rd1 {[%emt 0:01:09]} Be7 {[%emt 0:01:09]} 39. Rd4 {[%emt 0:08:47]} Kg5 {[%emt 0:00:09]} 40. Rd5 {[%emt 0:00:00]} Bb4 {[%emt 0:00:00]} 41. a3 {[%emt 0:04:00]} Bxa3 {[%emt 0:00:35]} 42. Rxa5 {[%emt 0:00:07]} Bd6 {[%emt 0:01:40]} 43. Ra6 {[%emt 0:00:51]} Be7 {[%emt 0:01:14]} 44. Kf2 {[%emt 0:00:18]} Bf8 {[%emt 0:00:49]} 45. Kg2 {[%emt 0:00:06]} Bc5 {[%emt 0:01:23]} 46. Rc6 {[%emt 0:09:58]} Be7 {[%emt 0:04:24]} 47. Rc4 {[%emt 0:05:01]} Bd6 {[%emt 0:00:44]} 48. b4 {[%emt 0:06:53]} Kf6 {[%emt 0:00:08]} 49. b5 {[%emt 0:00:10]} Ke6 {[%emt 0:00:09]} 50. b6 {[%emt 0:00:12]} Kd7 {[%emt 0:00:09]} 51. Rc2 {[%emt 0:03:32]} Be5 {[%emt 0:03:37]} 52. b7 {[%emt 0:06:42]} Bc7 {[%emt 0:00:06]} 53. Rc4 {[%emt 0:00:04]} Kd6 {[%emt 0:07:15]} 54. fxg4 {[%emt 0:03:55]} fxg4 {[%emt 0:00:14]} 55. Rxf4 {[%emt 0:00:03]} Kc6 {[%emt 0:00:14]} 56. Rb4 {[%emt 0:00:05]} Bb8 {[%emt 0:00:05]} 57. Rb1 {[%emt 0:00:11]} Kc5 {[%emt 0:00:49]} 58. Rb2 {[%emt 0:00:04]} Kc6 {[%emt 0:00:19]} 59. Rb4 {[%emt 0:00:05]} g3 {[%emt 0:01:00]} 60. Rb3 {[%emt 0:00:04]} Kc5 {[%emt 0:03:47]} 61. Rxg3 {[%emt 0:00:15]} Kc6 {[%emt 0:01:17]} 62. Rb3 {[%emt 0:00:08]} Kc7 {[%emt 0:00:14]} 63. Kf3 {[%emt 0:00:08]} Kc6 {[%emt 0:00:29]} 64. Ke4 {[%emt 0:00:05]} Kc7 {[%emt 0:01:30]} 65. Kd5 {[%emt 0:00:03]} Kd7 {[%emt 0:00:48]} 66. Rc3 {[%emt 0:00:15]} Bc7 {[%emt 0:00:30]} 67. Rc2 {[%emt 0:00:04]} 1-0